Sports by Picture - Statistics

General Stats
  • This quiz has been taken 40 times
  • The average score is 15 of 16
Answer Stats
Picture Answer % Correct
American Football
100%
Badminton
100%
Basketball
100%
Golf
100%
Soccer
100%
Tennis
100%
Volleyball
100%
Baseball
97%
Boxing
97%
Cricket
97%
Racing
97%
Table Tennis
97%
Hockey
94%
Mini Golf
82%
Lacrosse
79%
Chess Boxing
41%
No matching quizzes found
Score Distribution
Percent of People with Each Score
Percentile by Number Answered
Your Score History
You have not taken this quiz